Skip to main content
Your cart is empty.
Your lists
Log in to create your own lists
Your cookies
العربية
English
العربية
Home
Search
Advanced search
Authority search
About
The noble scholar, jurist, historian
His Excellency Dr. Abdul Wahhab bin Ibrahim Abu Sulaiman, may Allah have mercy on him.
He was born in Umm Al-Qura in the year 1356 AH.
Library catalog
Title
Author
Subject
ISBN
ISSN
Series
Call number
Log in to your account
×
Login:
Password:
Home
MARC view: سلوة الأنفاس ومحادثة الأكياس بمن أقبر من العلماء والصلحاء بفاس /
Normal view
MARC view
ISBD view
سلوة الأنفاس ومحادثة الأكياس بمن أقبر من العلماء والصلحاء بفاس / (Record no. 646)
[
view plain
]
MARC details
000 -LEADER
fixed length control field
01544cam a2200325 i 4500
003 - CONTROL NUMBER IDENTIFIER
control field
SA-RiAUC
005 - DATE AND TIME OF LATEST TRANSACTION
control field
20240929141934.0
008 - FIXED-LENGTH DATA ELEMENTS--GENERAL INFORMATION
fixed length control field
240928s2004 mr g 001 0cara c
020 ## - INTERNATIONAL STANDARD BOOK NUMBER
International Standard Book Number
9981025453
040 ## - CATALOGING SOURCE
Original cataloging agency
SA-RiAUC
Language of cataloging
ara
Transcribing agency
SA-RiAUC
Description conventions
rda
043 ## - GEOGRAPHIC AREA CODE
Geographic area code
f-mr---
082 04 - DEWEY DECIMAL CLASSIFICATION NUMBER
Classification number
260.92264211
082 04 - DEWEY DECIMAL CLASSIFICATION NUMBER
Classification number
920.06433
090 ## - LOCALLY ASSIGNED LC-TYPE CALL NUMBER (OCLC); LOCAL CALL NUMBER (RLIN)
Classification number (OCLC) (R) ; Classification number, CALL (RLIN) (NR)
920.06433
Local cutter number (OCLC) ; Book number/undivided call number, CALL (RLIN)
ك ت ا
100 1# - MAIN ENTRY--PERSONAL NAME
Personal name
الكتاني، محمد بن جعفر بن إدريس،
Dates associated with a name
1274-1345 هجري
Relator term
مؤلف.
245 10 - TITLE STATEMENT
Title
سلوة الأنفاس ومحادثة الأكياس بمن أقبر من العلماء والصلحاء بفاس /
Statement of responsibility, etc.
تأليف أبي عبد الله محمد بن جعفر بن إدريس الكتاني ؛ تحقيق عبد الله الكامل الكتاني، حمزة بن محمد الطيب الكتاني، محمد حمزة بن علي الكتاني.
250 ## - EDITION STATEMENT
Edition statement
الطبعة الأولى
264 #1 - PRODUCTION, PUBLICATION, DISTRIBUTION, MANUFACTURE, AND COPYRIGHT NOTICE
Place of production, publication, distribution, manufacture
الدار البيضاء، المغرب :
Name of producer, publisher, distributor, manufacturer
دار الثقافة،
Date of production, publication, distribution, manufacture, or copyright notice
2004
300 ## - PHYSICAL DESCRIPTION
Extent
3 مجلد ؛
Dimensions
24 سم
336 ## - CONTENT TYPE
Content type term
نص
Content type code
txt
Source
rdacontent
Materials specified
كتاب
337 ## - MEDIA TYPE
Media type term
بدون وسيط
Media type code
n
Source
rdamedia
338 ## - CARRIER TYPE
Carrier type term
مجلد
Carrier type code
nc
Source
rdacarrier
500 ## - GENERAL NOTE
General note
يشتمل على كشافات.
651 #7 - SUBJECT ADDED ENTRY--GEOGRAPHIC NAME
Geographic name
فاس (المغرب)
Form subdivision
تراجم
Source of heading or term
aucsh
700 1# - ADDED ENTRY--PERSONAL NAME
Personal name
الكتاني، حمزة،
Dates associated with a name
1942-
Relator term
محقق.
700 1# - ADDED ENTRY--PERSONAL NAME
Personal name
الكتاني، عبد الله الكامل،
Dates associated with a name
1937-
Relator term
محقق.
700 1# - ADDED ENTRY--PERSONAL NAME
Personal name
الكتاني، محمد حمزة بن علي
Relator term
محقق.
942 ## - ADDED ENTRY ELEMENTS (KOHA)
Source of classification or shelving scheme
Dewey Decimal Classification
Koha item type
Books
Suppress in OPAC
No
949 ## - LOCAL PROCESSING INFORMATION (OCLC)
a
SA-JeALM
d
240928
u
mohamedma123
n
1
Holdings
Withdrawn status
Lost status
Source of classification or shelving scheme
Materials specified (bound volume or other part)
Damaged status
Not for loan
Home library
Current library
Date acquired
Total checkouts
Full call number
Barcode
Date last seen
Price effective from
Koha item type
Dewey Decimal Classification
المجلد الاول
DR AbdElwahab Library
DR AbdElwahab Library
09/29/2024
920.06433 ك ت ا
000000970
09/29/2024
09/29/2024
Books
Dewey Decimal Classification
المجلد الثاني
DR AbdElwahab Library
DR AbdElwahab Library
09/29/2024
920.06433 ك ت ا
000000971
09/29/2024
09/29/2024
Books
Dewey Decimal Classification
المجلد الثالث
DR AbdElwahab Library
DR AbdElwahab Library
09/29/2024
920.06433 ك ت ا
000000972
09/29/2024
09/29/2024
Books
Place hold
Print
Add to your cart
(remove)
Save record
BIBTEX
Dublin Core
MARCXML
MARC (non-Unicode/MARC-8)
MARC (Unicode/UTF-8)
MARC (Unicode/UTF-8, Standard)
MODS (XML)
RIS
ISBD
More searches
Search for this title in:
Other Libraries (WorldCat)
Other Databases (Google Scholar)
Online Stores (Bookfinder.com)
Open Library (openlibrary.org)
Exporting to Dublin Core...
×
Simple DC-RDF
OAI-DC
SRW-DC